A paper on rights and liabilities of auctioneers in relation to the purchase money (Record no. 99763)

MARC details
000 -LEADER
fixed length control field 00711cam a22002055a 4500
001 - CONTROL NUMBER
control field ##J100703
008 - FIXED-LENGTH DATA ELEMENTS--GENERAL INFORMATION
fixed length control field 000000s1910 000 0 eng u
035 ## - SYSTEM CONTROL NUMBER
System control number (Sirsi) u100703
041 0# - LANGUAGE CODE
Language code of text/sound track or separate title eng
050 04 - LIBRARY OF CONGRESS CALL NUMBER
Classification number 333.0062 $2 18
100 1# - MAIN ENTRY--PERSONAL NAME
Personal name Kyffin, S. A.
245 02 - TITLE STATEMENT
Title A paper on rights and liabilities of auctioneers in relation to the purchase money
260 ## - PUBLICATION, DISTRIBUTION, ETC.
Place of publication, distribution, etc. London
Name of publisher, distributor, etc. Auctioneers' Institute of the United Kingdom
Date of publication, distribution, etc. 1910
300 ## - PHYSICAL DESCRIPTION
Extent 40p.
Dimensions 21cm.
520 ## - SUMMARY, ETC.
Summary, etc. The paper was presented to the Institute at the ordinary meeting held on the December 1909.
651 #4 - SUBJECT ADDED ENTRY--GEOGRAPHIC NAME
Geographic name Great Britain
Chronological subdivision 1707-
690 ## - LOCAL SUBJECT ADDED ENTRY--TOPICAL TERM (OCLC, RLIN)
Topical term or geographic name as entry element Auctioneering
9 (RLIN) 6218
710 2# - ADDED ENTRY--CORPORATE NAME
Corporate name or jurisdiction name as entry element Auctioneers' Institute of the United Kingdom
9 (RLIN) 3785
942 ## - ADDED ENTRY ELEMENTS (KOHA)
Suppress in OPAC 0
Holdings
Withdrawn status Lost status Source of classification or shelving scheme Damaged status Not for loan Home library Current library Shelving location Date acquired Total Checkouts Full call number Barcode Date last seen Copy number Price effective from Koha item type
    Dewey Decimal Classification     Historic collection Historic collection RICS Boxes 21/10/1999   RICS 1909/4 30059610 06/08/2019 1 06/08/2019 Archive